| 000 | 00509 a2200169 4500 | ||
|---|---|---|---|
| 003 | OSt | ||
| 005 | 20240112103959.0 | ||
| 008 | 240112b |||||||| |||| 00| 0 eng d | ||
| 020 | _a9788165692439 | ||
| 040 | _coclc | ||
| 082 |
_a297 _bALI/A |
||
| 100 |
_aEngineer, Asghar Ali _d1939-2013. _91798 |
||
| 245 |
_aA V Abdurahman Haji: Lalithajeevithavum adarshadeepthiyum / _cA Asghar Ali |
||
| 260 |
_aKerala: _bKNM, _c2022 |
||
| 300 | _a215p | ||
| 942 |
_2ddc _cBK _h297 _iALI/A _k297 _mALI/A |
||
| 999 |
_c43165 _d43165 |
||